00390 a2200121 4500001001000000005001700010008004100027245004400068100003400112700003700146773006800183999001700251ART_4057320260410162005.0260409a 10aDerecho al olvido digital en la web 2.01 aFossaceca, Carlos Alberto (h)1 aLamanna Guiñazú, Emiliano C.0 tTemas de derecho civilg- Año 2, Nº 10 (oct. 2016)wREV34778 c31645d31645